| 000 | 00610nam a22002057a 4500 | ||
|---|---|---|---|
| 003 | 0 | ||
| 005 | 20241118105353.0 | ||
| 008 | 241118b xxu||||| |||| 00| 0 eng d | ||
| 020 | _a9781984688668 | ||
| 050 |
_aQA 273 _b.J86 2024 |
||
| 100 |
_aJunker, Dirk, _eauthor. |
||
| 245 |
_aCore concepts in mathematics : _bprobability / _cDirk Junker. |
||
| 250 | _a2nd ed. | ||
| 260 |
_aNew York, NY : _b3G E-Learning LLC, _cc2024. |
||
| 300 |
_aix, 206 p. : _bcol. ill. ; _c26 cm. |
||
| 504 | _aIncludes bibliographical references and index. | ||
| 650 | _aProbability. | ||
| 650 | _aMathematics. | ||
| 942 |
_2lcc _cBK |
||
| 999 |
_c366742 _d366742 |
||